000 00447nam a22001937a 4500
003 CEME
005 20210628210716.0
008 210211b xxu||||| |||| 00| 0 eng d
020 _a0-672-31410-X
040 _c.
082 _a005.4469 DAV
100 _aBall, bill pitts, david
_980645
245 _aRed hat linux unleashed
250 _a3RD
260 _aUSA
_bSAMS
_c1998
300 _a1022P
650 _aLINUX
_965792
942 _cBK
_2ddc
999 _c585540
_d585540